Athletes With More than 5 Gold Medals in Summer Olympics since 2000 - Statistics

General Stats
  • This quiz has been taken 75 times
  • The average score is 7 of 38
Answer Stats
Sport Nation Years Gender #🥇 Answer % Correct
Swimming United States 2004-2016 M 23 Michael Phelps
96%
Athletics Jamaica 2008-2016 M 8 Usain Bolt
76%
Gymnastics United States 2016-2024 F 7 Simone Biles
70%
Swimming United States 2012-2024 F 9 Katie Ledecky
64%
Swimming Australia 2000-2004 M 5 Ian Thorpe
36%
Swimming United States 2004-2016 M 6 Ryan Lochte
29%
Cycling United Kingdom 2000-2016 M 5 Bradley Wiggins
26%
Swimming United States 2016-2024 M 9 Caeleb Dressel
21%
Table Tennis China 2012-2024 M 6 Ma Long
21%
Athletics United States 2004-2020 F 7 Allyson Felix
20%
Cycling United Kingdom 2000-2012 M 6 Chris Hoy
19%
Judo France 2008-2024 M 5 Teddy Riner
16%
Diving China 2008-2016 F 5 Chen Ruolin
14%
Canoeing New Zealand 2012-2024 F 8 Lisa Carrington
14%
Athletics Jamaica 2016-2020 F 5 Elaine Thompson-Herah
13%
Basketball United States 2004-2024 F 6 Diana Taurasi
11%
Cycling United Kingdom 2008-2020 M 7 Jason Kenny
11%
Swimming Australia 2020-2024 F 5 Kaylee McKeown
11%
Cycling United Kingdom 2012-2020 F 5 Laura Kenny
11%
Archery South Korea 2016-2024 M 5 Kim Woo-jin
10%
Swimming Australia 2016-2024 F 6 Emma McKeon
9%
Equestrian Germany 1992-2024 F 5 (8) Isabell Werth
9%
Wrestling Cuba 2008-2024 M 5 Mijaín López
9%
Swimming United States 2016-2024 M 5 Ryan Murphy
9%
Basketball United States 2004-2020 F 5 Sue Bird
9%
Diving China 2004-2016 F 5 Wu Minxia
9%
Swimming United States 2000-2008 M 5 Aaron Peirsol
7%
Swimming United States 2008-2016 M 5 Nathan Adrian
7%
Canoeing Hungary 2008-2020 M 6 Danuta Kozák
6%
Swimming United States 2012-2016 F 5 Missy Franklin
6%
Swimming United States 2004-2016 F 5 Dana Vollmer
4%
Cycling Netherlands 2020-2024 M 5 Harrie Lavreysen
4%
Artistic Swimming Russia - ROC 2008-2020 F 7 Svetlana Romashina
4%
Gymnastics China 2008-2012 M 5 Zou Kai
4%
Artistic Swimming Russia 2004-2012 F 5 Anastasia Davydova
3%
Rowing Romania 2000-2008 F 5 Georgeta Damian
3%
Swimming Australia 2020-2024 F 5 Mollie O'Callaghan
3%
Artistic Swimming Russia 2008-2016 F 5 Natalia Ishchenko
3%
No matching quizzes found
Score Distribution
Percent of People with Each Score
Percentile by Number Answered
Your Score History
You have not taken this quiz